000 00479nam a2200181Ia 4500
008 181130s2018 xx 000 0 und d
100 _aAbel, Jessamyn R.
245 _aEthics and internationalism in Japanese education, 1933-45
260 _c2018
300 _ap.532-575.
504 _dMar
650 _aEducation - Ethiics - Japan
650 _aEducation - Japan
650 _aEthics
650 _aEthics - Japan
773 _aModern Asian Studies
906 _aEthics
999 _c506279
_d506279